| 000 | 00487nam a2200181Ia 4500 | ||
|---|---|---|---|
| 008 | 210719s2020 xx 000 0 und d | ||
| 020 | _a978-1-071-60448-9 | ||
| 041 | _aeng | ||
| 082 | _a005.8 HUAN | ||
| 100 | _aHUANG (Scott C H);MACCALLUM (David);ZHU DU (Ding) Ed | ||
| 245 | _aNetwork security | ||
| 260 |
_aNew York _bSpringer _c2020 |
||
| 300 |
_axi,280 _bHB |
||
| 365 |
_b2495 _cRs |
||
| 650 | _aComputer Science | ||
| 650 | _aComputer Science | ||
| 906 | _aNetwork ; security | ||
| 999 |
_c211926 _d211926 |
||